[Event "DEN-ch Seniors 65+"]
[Site "Hvidovre"]
[Date "2018.02.13"]
[Round "2"]
[White "Madsen, Finn Gemynthe"]
[Black "Meldal, Peter"]
[Result "1/2-1/2"]
[WhiteElo "1673"]
[BlackElo "1476"]
[PlyCount "69"]
[EventDate "2018.02.12"]
[EventType "swiss"]
[EventRounds "7"]
[EventCountry "DEN"]
[SourceTitle "EXT 2020"]
[Source "ChessBase"]
[SourceDate "2019.10.17"]
[SourceVersion "1"]
[SourceVersionDate "2019.10.17"]
[SourceQuality "1"]

1. Nf3 Nf6 2. b3 g6 3. Bb2 Bg7 4. d3 d5 5. Nbd2 0-0 6. e4 dxe4 7. dxe4 Nc6 8. Bc4 Bg4 9. h3 Bxf3 10. gxf3 e5 11. c3 Nh5 12. Ba3 Re8 13. Bc5 Nf4 14. Qc2 Ng2+ 15. Kd1 Qg5 16. Kc1 Rad8 17. Rd1 Bh6 18. a4 Qh4 19. Kb2 b6 20. Be3 Bxe3 21. fxe3 Nxe3 22. Qc1 Nxd1+ 23. Qxd1 Qxh3 24. Qe2 Qd7 25. Nf1 Na5 26. Bb5 c6 27. Ba6 Qe6 28. Nd2 f5 29. Nc4 Qe7 30. Nxa5 bxa5 31. Bc4+ Kg7 32. Kc2 Qd7 33. exf5 gxf5 34. Rg1+ Kf6 35. Qg2 1/2-1/2

[Event "Amager AMSF Gr4"]
[Site "Amager"]
[Date "2016.09.27"]
[Round "5"]
[White "Ankjaer, Allan"]
[Black "Madsen, Finn Gemynthe"]
[Result "0-1"]
[WhiteElo "1606"]
[BlackElo "1601"]
[PlyCount "76"]
[EventDate "2016.08.16"]
[EventType "tourn"]
[EventRounds "7"]
[EventCountry "DEN"]
[SourceTitle "EXT 2023"]
[Source "ChessBase"]
[SourceDate "2022.10.05"]
[SourceVersion "1"]
[SourceVersionDate "2022.10.05"]
[SourceQuality "1"]

1. e4 e5 2. Nf3 Nc6 3. d4 exd4 4. Bc4 Be7 5. 0-0 d6 6. Nxd4 Nxd4 7. Qxd4 Bf6 8. Qd3 Be6 9. Nc3 Qd7 10. Be3 Ne7 11. Rad1 a6 12. f4 Bxc4 13. Qxc4 Qc6 14. Qxc6+ bxc6 15. Bd4 Bxd4+ 16. Rxd4 0-0-0 17. Rfd1 Ng6 18. g3 h5 19. b4 h4 20. Kg2 hxg3 21. hxg3 Rh5 22. Rh1 Rdh8 23. Rxh5 Rxh5 24. a4 f6 25. Ne2 c5 26. Rc4 cxb4 27. Rxb4 Ra5 28. Rc4 Kd7 29. Nd4 Ne7 30. g4 d5 31. Nb3 dxc4 32. Nxa5 Kd6 33. Nxc4+ Kc5 34. Ne3 Kb4 35. Nf5 Nxf5 36. exf5 Kxa4 37. g5 Kb4 38. gxf6 gxf6 0-1